|
|
|
|
| LEADER |
00000nab a2200000 a 4500 |
| 001 |
vtls008984803 |
| 003 |
SK-MaSNL |
| 005 |
20260303065410.0 |
| 008 |
070427 2007 xo r r 000 0 slo |
| 038 |
|
|
|a KEVKJB
|
| 040 |
|
|
|a KEVKJB
|b slo
|c KEVKJB
|e AACR2
|
| 041 |
0 |
|
|a slo
|
| 044 |
|
|
|a xo
|c SK
|
| 080 |
|
|
|a 793.31
|2 2001
|
| 080 |
|
|
|a 784.4
|2 2001
|
| 080 |
|
|
|a 398
|2 2001
|
| 100 |
1 |
|
|a Kiraľvargová, Dáša
|4 aut
|9 872583
|
| 245 |
1 |
0 |
|a Chcú ponúknuť aj netradičný folklór
|b košický folklórny súbor Jahodná uvedie dnes a zajtra premiérový program
|c Dáša Kiraľvargová
|
| 300 |
|
|
|b Obr.
|
| 610 |
2 |
7 |
|a Jahodná (folklórny súbor)
|2 SNKKA
|9 29733
|
| 650 |
0 |
7 |
|a folklórne súbory
|2 SNKPH
|9 28685
|
| 651 |
|
7 |
|a Košice (Slovensko)
|2 SNKPHgeo
|9 18694
|
| 773 |
0 |
|
|t Košický večer
|g Roč. 18(39), č. 16 (20.4.2007), s. 4
|x 1336-5320
|
| 852 |
|
|
|a KEVKJB
|b KIS3GCP
|
| 856 |
4 |
1 |
|u www.korzar.sk
|
| 999 |
|
|
|c 1751045
|d 1752975
|